[Event "FIDE WCC Blitz Women 2019"]
[Site "Moscow"]
[Date "2019.12.30"]
[Round "13.47"]
[White "Dauletova, Gulmira"]
[Black "Yakimova, Mariya"]
[Result "1/2-1/2"]
[WhiteElo "2112"]
[BlackElo "2128"]
[Annotator "NA"]
[PlyCount "183"]
[EventDate "2019.12.29"]
[EventType "swiss"]
[EventCountry "RUS"]
[SourceTitle "playchess.com"]
[Source "ChessBase"]
[SourceQuality "1"]

1. e4 c5 2. Nc3 Nc6 3. g3 g6 4. Bg2 Bg7 5. Nge2 e6 6. d3 Nge7 7. Be3 d6 8. O-O O-O 9. h3 Nd4 10. f4 Rb8 11. Qd2 b5 12. Nc1 b4 13. Nd1 Ba6 14. a3 b3 15. c3 Nc2 16. Rb1 Nxe3 17. Nxe3 d5 18. e5 d4 19. Nc4 Bxc4 20. dxc4 Nf5 21. Kh2 Ne3 22. Rf2 Nxc4 23. Qe2 Ne3 24. Qd3 Nxg2 25. Rxg2 dxc3 26. Qxc3 Qd1 27. Qd3 Rfd8 28. Qc3 h5 29. h4 Bf8 30. Ra1 Kg7 31. a4 Qd4 32. Qf3 c4 33. Ne2 Qd3 34. Qc6 Rbc8 35. Qb7 Qd7 36. Qa6 Qc7 37. Nc3 Qb6 38. Qxb6 axb6 39. Ne4 Rd3 40. Rc1 Rd4 41. Re2 Ra8 42. Nc3 Bb4 43. Nb5 Rd3 44. Rxc4 Bc5 45. Nc3 Rad8 46. Ne4 Bd4 47. Rc6 Rd1 48. Rc4 Rd3 49. Rb4 Rd1 50. Rxb3 Ra8 51. Rb4 Bc5 52. Nxc5 bxc5 53. Rc4 Ra5 54. Rec2 Rd3 55. b4 cxb4 56. Rxb4 Ra3 57. Rcc4 Ra2+ 58. Kh3 Ra3 59. Kg2 Ra6 60. Rd4 Ra5 61. Rdc4 Ra7 62. Rd4 Ra2+ 63. Kf3 Ra3+ 64. Kf2 Ra2+ 65. Kf3 Ra3+ 66. Kf2 Kg8 67. Rd8+ Kg7 68. Rbb8 f5 69. Rg8+ Kf7 70. Rbf8+ Ke7 71. Rg7+ Kxf8 72. Rxa7 Ke8 73. a5 Kd8 74. Rg7 Rxa5 75. Rxg6 Ke7 76. Rg5 Kf7 77. Rxh5 Kg7 78. Rg5+ Kh7 79. h5 Ra3 80. Rg6 Ra6 81. Rf6 Kg7 82. h6+ Kh7 83. Kg2 Rb6 84. Kh3 Ra6 85. Kh4 Rb6 86. Kg5 Rb3 87. Rxe6 Rxg3+ 88. Kxf5 Rg8 89. Rf6 Re8 90. e6 Rg8 91. e7 Re8 92. Ke6 1/2-1/2

[Event "FIDE WCC Blitz Women 2019"]
[Site "Moscow"]
[Date "2019.12.30"]
[Round "13.48"]
[White "Semenova, Elena"]
[Black "Barchuk, Irina"]
[Result "1-0"]
[WhiteElo "2114"]
[BlackElo "2047"]
[Annotator "NA"]
[PlyCount "55"]
[EventDate "2019.12.29"]
[EventType "swiss"]
[EventCountry "RUS"]
[SourceTitle "playchess.com"]
[Source "ChessBase"]
[SourceQuality "1"]

1. e4 c5 2. Nf3 Nc6 3. Bb5 g6 4. Bxc6 dxc6 5. d3 Bg7 6. h3 e5 7. a4 a5 8. Be3 b6 9. Nbd2 Qc7 10. Nc4 Be6 11. Nfd2 Nf6 12. b4 axb4 13. a5 Nd7 14. axb6 Rxa1 15. Qxa1 Nxb6 16. Bxc5 Nxc4 17. Nxc4 Bxc4 18. dxc4 Qb7 19. O-O f6 20. Rb1 Bf8 21. Rxb4 Qd7 22. Qa8+ Kf7 23. Rb7 Be7 24. Qa7 Qd1+ 25. Kh2 Re8 26. Rxe7+ Rxe7 27. Qxe7+ Kg8 28. Qf8# 1-0

[Event "FIDE WCC Blitz Women 2019"]
[Site "Moscow"]
[Date "2019.12.30"]
[Round "13.49"]
[White "Antova, Gabriela"]
[Black "Tomilova, Elena"]
[Result "0-1"]
[WhiteElo "1965"]
[BlackElo "2219"]
[Annotator "NA"]
[PlyCount "80"]
[EventDate "2019.12.29"]
[EventType "swiss"]
[EventCountry "RUS"]
[SourceTitle "playchess.com"]
[Source "ChessBase"]
[SourceQuality "1"]

1. d4 Nf6 2. c4 e6 3. Nf3 b6 4. g3 Bb4+ 5. Nbd2 Bb7 6. Bg2 O-O 7. O-O d5 8. cxd5 exd5 9. a3 Bd6 10. Ne5 Nbd7 11. Nec4 Be7 12. Ne3 Re8 13. Nf3 c6 14. Nf5 Bf8 15. Bf4 Ne4 16. b4 a5 17. Qb3 h6 18. Rfd1 Ndf6 19. h3 Nd6 20. Bxd6 Bxd6 21. Re1 axb4 22. axb4 Rxa1 23. Rxa1 Rxe2 24. Ra7 Bc8 25. Ra8 Ne8 26. Qd3 Re6 27. b5 Nc7 28. Nxd6 Nxa8 29. Nxc8 Qxc8 30. Ne5 cxb5 31. Bxd5 Rf6 32. Qb3 Qc1+ 33. Kg2 Qd2 34. Bxf7+ Kh7 35. Ng4 Qxd4 36. Nxf6+ Qxf6 37. Bg8+ Kh8 38. Be6 Nc7 39. Bd7 Qe5 40. Qc2 Qd5+ 0-1

[Event "FIDE WCC Blitz Women 2019"]
[Site "Moscow"]
[Date "2019.12.30"]
[Round "13.50"]
[White "Nilssen, Ellen Fredericia"]
[Black "Ovezdurdiyeva, Jemal"]
[Result "1-0"]
[WhiteElo "2162"]
[BlackElo "1877"]
[Annotator "NA"]
[PlyCount "112"]
[EventDate "2019.12.29"]
[EventType "swiss"]
[EventCountry "RUS"]
[SourceTitle "playchess.com"]
[Source "ChessBase"]
[SourceQuality "1"]

1. d4 Nf6 2. c4 g6 3. Nc3 Bg7 4. e4 d6 5. Be2 O-O 6. Bg5 c5 7. d5 h6 8. Be3 Na6 9. Qd2 Kh7 10. h3 e6 11. Nf3 exd5 12. exd5 Nc7 13. O-O Nce8 14. Rfe1 Nd7 15. Bd3 b6 16. Re2 Ne5 17. Nxe5 dxe5 18. f4 exf4 19. Bxf4 Nd6 20. Rae1 Qf6 21. Be5 Qd8 22. Bxg7 Kxg7 23. Ne4 Nxe4 24. Rxe4 Qf6 25. Rf1 Qd6 26. Ref4 Bd7 27. Qf2 f5 28. h4 Rae8 29. Rf3 Re5 30. b3 Qf6 31. g4 Kh8 32. h5 gxh5 33. gxf5 Rg8+ 34. Kh1 Rg4 35. Rh3 h4 36. Be2 Rge4 37. Bd3 Rg4 38. Qf3 h5 39. Qf2 Re8 40. Be2 Rge4 41. Bxh5 R8e5 42. Bg6 Rg4 43. Rg1 Rxg1+ 44. Kxg1 Bxf5 45. Rxh4+ Kg7 46. Bxf5 Rxf5 47. Rg4+ Kf7 48. Qg2 Qa1+ 49. Kh2 Qh8+ 50. Kg3 Qc3+ 51. Kh2 Qh8+ 52. Qh3 Qb2+ 53. Rg2 Qe5+ 54. Qg3 Rh5+ 55. Kg1 Qa1+ 56. Kf2 Rf5+ 1-0

[Event "FIDE WCC Blitz Women 2019"]
[Site "Moscow"]
[Date "2019.12.30"]
[Round "13.51"]
[White "Mikhaylova, Irina"]
[Black "Zhuravleva, Olga"]
[Result "0-1"]
[WhiteElo "2090"]
[BlackElo "2127"]
[Annotator "NA"]
[PlyCount "58"]
[EventDate "2019.12.29"]
[EventType "swiss"]
[EventCountry "RUS"]
[SourceTitle "playchess.com"]
[Source "ChessBase"]
[SourceQuality "1"]

1. d4 Nf6 2. Nf3 e6 3. c4 b6 4. a3 Bb7 5. Nc3 c5 6. d5 exd5 7. cxd5 d6 8. e4 Nbd7 9. h3 a6 10. a4 g6 11. Bd3 Bg7 12. O-O O-O 13. Re1 Re8 14. Bf4 Qc7 15. Qd2 c4 16. Bc2 Rad8 17. Rad1 Nc5 18. e5 dxe5 19. Bxe5 Qc8 20. d6 Bxf3 21. gxf3 Qxh3 22. Qf4 Nh5 23. Qh2 Qxf3 24. Bxg7 Kxg7 25. Re5 Nf4 26. Rde1 Rxe5 27. Rxe5 Rxd6 28. Re1 Rd2 29. Be4 Nh3+ 0-1

[Event "FIDE WCC Blitz Women 2019"]
[Site "Moscow"]
[Date "2019.12.30"]
[Round "13.52"]
[White "Komiagina, Maria"]
[Black "Nazarova, Anastasia"]
[Result "0-1"]
[WhiteElo "2106"]
[BlackElo "2049"]
[Annotator "NA"]
[PlyCount "74"]
[EventDate "2019.12.29"]
[EventType "swiss"]
[EventCountry "RUS"]
[SourceTitle "playchess.com"]
[Source "ChessBase"]
[SourceQuality "1"]

1. e4 c5 2. Nf3 g6 3. Nc3 Bg7 4. d4 cxd4 5. Nxd4 Nc6 6. Nb3 Nf6 7. Be2 d6 8. O-O O-O 9. Re1 a6 10. Bf1 b5 11. Nd5 Be6 12. c3 Rc8 13. Bg5 Bxd5 14. exd5 Ne5 15. Qd2 Re8 16. Rad1 Nc4 17. Bxc4 Rxc4 18. h3 Ne4 19. Qe3 Nxg5 20. Qxg5 Bf6 21. Qe3 b4 22. cxb4 Rxb4 23. Qd2 Qb6 24. Rc1 a5 25. Rc6 Qb5 26. Rec1 a4 27. Na1 Rxb2 28. Qh6 Bg7 29. Qg5 Rxa2 30. Nc2 Qe2 31. Qf4 a3 32. Nb4 Rb2 33. Rc8 Rxc8 34. Rxc8+ Bf8 35. Nc6 a2 36. Ra8 Rb1+ 37. Kh2 a1=Q 0-1

[Event "FIDE WCC Blitz Women 2019"]
[Site "Moscow"]
[Date "2019.12.30"]
[Round "13.53"]
[White "Druzhinina, Olga"]
[Black "Bogumil, Tatiana"]
[Result "1-0"]
[WhiteElo "2245"]
[BlackElo "1996"]
[Annotator "NA"]
[PlyCount "49"]
[EventDate "2019.12.29"]
[EventType "swiss"]
[EventCountry "RUS"]
[SourceTitle "playchess.com"]
[Source "ChessBase"]
[SourceQuality "1"]

1. e4 g6 2. d4 Bg7 3. Bd3 d6 4. Ne2 c5 5. c3 b6 6. O-O Bb7 7. f4 e6 8. f5 exf5 9. exf5 Nf6 10. Bg5 Nbd7 11. Nf4 O-O 12. fxg6 hxg6 13. d5 Qc7 14. c4 Rae8 15. Nc3 a6 16. Qc2 Ne5 17. Be2 Nh7 18. Bh4 g5 19. Bxg5 Nxg5 20. Nh5 Bc8 21. h4 Nh7 22. Ne4 f5 23. Ng5 Ng4 24. Bxg4 fxg4 25. Qxh7# 1-0

[Event "FIDE WCC Blitz Women 2019"]
[Site "Moscow"]
[Date "2019.12.30"]
[Round "13.54"]
[White "Antonova, Nadezhda"]
[Black "Paramzina, Anastasya"]
[Result "0-1"]
[WhiteElo "1914"]
[BlackElo "2203"]
[Annotator "NA"]
[PlyCount "87"]
[EventDate "2019.12.29"]
[EventType "swiss"]
[EventCountry "RUS"]
[SourceTitle "playchess.com"]
[Source "ChessBase"]
[SourceQuality "1"]

1. d4 Nf6 2. Nf3 g6 3. Nbd2 Bg7 4. e4 d6 5. Bd3 O-O 6. O-O Nc6 7. Re1 e5 8. c3 Nh5 9. dxe5 dxe5 10. Nc4 h6 11. a4 Nf4 12. Bf1 Qf6 13. Bxf4 exf4 14. e5 Qe7 15. Qd2 g5 16. b4 Bf5 17. Nd4 Nxd4 18. cxd4 Qe6 19. d5 Qg6 20. Rad1 Rad8 21. d6 cxd6 22. Nxd6 Bc2 23. Bd3 Bxd3 24. Qxd3 Qe6 25. Qb5 b6 26. h3 g4 27. hxg4 Qxg4 28. Qa6 f3 29. g3 h5 30. Re4 Qg6 31. Rde1 f5 32. exf6 Bxf6 33. Nb7 Rd2 34. Qc4+ Kh8 35. Rh4 Bxh4 36. Qxh4 Qg4 37. Qe7 Rg8 38. Qe5+ Rg7 39. Qe8+ Kh7 40. Nd8 h4 41. Nf7 hxg3 42. Qh8+ Kg6 43. Qh6+ Kxf7 44. Qd6 0-1

[Event "FIDE WCC Blitz Women 2019"]
[Site "Moscow"]
[Date "2019.12.30"]
[Round "13.55"]
[White "Ovod, Evgenija"]
[Black "Agrest, Inna"]
[Result "1-0"]
[WhiteElo "2163"]
[BlackElo "2180"]
[Annotator "NA"]
[PlyCount "107"]
[EventDate "2019.12.29"]
[EventType "swiss"]
[EventCountry "RUS"]
[SourceTitle "playchess.com"]
[Source "ChessBase"]
[SourceQuality "1"]

1. e4 e5 2. Nf3 Nc6 3. Bc4 Nf6 4. d3 Bc5 5. O-O a6 6. Bb3 Ba7 7. c3 d6 8. Nbd2 O-O 9. h3 h6 10. Re1 Be6 11. Bc2 Re8 12. Nf1 d5 13. exd5 Bxd5 14. Be3 Bxe3 15. Rxe3 Qd6 16. Ng3 Rad8 17. Qe2 Nd7 18. Re1 Re6 19. Nh4 Ne7 20. Ngf5 Nxf5 21. Nxf5 Qf8 22. c4 Bc6 23. d4 exd4 24. Rxe6 fxe6 25. Qxe6+ Qf7 26. Qxf7+ Kxf7 27. Nxd4 Nc5 28. Nxc6 bxc6 29. b4 Ne6 30. c5 Nd4 31. Rd1 Ke7 32. Ba4 a5 33. a3 axb4 34. axb4 Ke6 35. f3 Ne2+ 36. Kf2 Rxd1 37. Bxd1 Nc3 38. Bb3+ Ke5 39. Ke3 Nb5 40. f4+ Kf5 41. g4+ Kf6 42. Ba4 Nc3 43. Bxc6 Na2 44. b5 Nb4 45. Be4 Ke7 46. b6 cxb6 47. cxb6 Kd7 48. Kd4 Kc8 49. Kc5 Na2 50. Kd6 Nc3 51. Bf3 Nb5+ 52. Ke7 Nd4 53. Be4 g5 54. f5 1-0

[Event "FIDE WCC Blitz Women 2019"]
[Site "Moscow"]
[Date "2019.12.30"]
[Round "13.56"]
[White "Lelekova, Olga"]
[Black "Geller, Anastasiya"]
[Result "0-1"]
[WhiteElo "2176"]
[BlackElo "2073"]
[Annotator "NA"]
[PlyCount "50"]
[EventDate "2019.12.29"]
[EventType "swiss"]
[EventCountry "RUS"]
[SourceTitle "playchess.com"]
[Source "ChessBase"]
[SourceQuality "1"]

1. e4 c6 2. c4 d5 3. exd5 cxd5 4. cxd5 Nf6 5. Bb5+ Nbd7 6. Nc3 g6 7. Nge2 Bg7 8. O-O O-O 9. d3 a6 10. Bc4 b5 11. Bb3 Nb6 12. Nf4 Bb7 13. a3 Nbxd5 14. Ncxd5 Nxd5 15. Qe2 Re8 16. Rd1 Nxf4 17. Bxf4 Qd4 18. Bc1 Rad8 19. Rb1 e6 20. Be3 Qd6 21. Rbc1 Rc8 22. Ba2 Red8 23. Rxc8 Rxc8 24. Rc1 Rxc1+ 25. Bxc1 Qc6 0-1

[Event "FIDE WCC Blitz Women 2019"]
[Site "Moscow"]
[Date "2019.12.30"]
[Round "13.57"]
[White "Afonasieva, Anna"]
[Black "Karavaeva, Olga"]
[Result "1-0"]
[WhiteElo "2099"]
[BlackElo "2174"]
[Annotator "NA"]
[PlyCount "103"]
[EventDate "2019.12.29"]
[EventType "swiss"]
[EventCountry "RUS"]
[SourceTitle "playchess.com"]
[Source "ChessBase"]
[SourceQuality "1"]

1. d4 d5 2. Nf3 c6 3. c4 e6 4. e3 Nf6 5. Nc3 Nbd7 6. Bd3 dxc4 7. Bxc4 b5 8. Bd3 b4 9. Ne4 c5 10. O-O Be7 11. dxc5 Nxc5 12. Nxc5 Bxc5 13. e4 h6 14. e5 Nd5 15. Bd2 Qb6 16. Rc1 Bb7 17. Bb1 Rc8 18. Ne1 a5 19. Nd3 Bd4 20. Rxc8+ Bxc8 21. Qg4 g6 22. Bc2 Ba6 23. Ba4+ Kf8 24. Qf3 Bxb2 25. Nxb2 Bxf1 26. Kxf1 Qd4 27. Bc1 Kg7 28. Qd3 Qh4 29. h3 Rc8 30. Bd2 Nc3 31. Bb3 Qh5 32. Qd4 Qf5 33. Nd3 Ne4 34. Qe3 Rd8 35. Bc2 Rxd3 36. Bxd3 Nxd2+ 37. Qxd2 Qh5 38. f4 Qh4 39. Be2 Qg3 40. Bf3 Qh2 41. Qd4 Qh1+ 42. Kf2 Qc1 43. Qd8 Qc2+ 44. Kg3 Qxa2 45. Qf6+ Kf8 46. Be4 Qb3+ 47. Kh2 Qe3 48. Bxg6 Qa7 49. f5 b3 50. fxe6 b2 51. e7+ Qxe7 52. Qh8# 1-0

[Event "FIDE WCC Blitz Women 2019"]
[Site "Moscow"]
[Date "2019.12.30"]
[Round "13.58"]
[White "Shafigullina, Zarina"]
[Black "Novikova, Anna"]
[Result "1-0"]
[WhiteElo "2052"]
[BlackElo "2045"]
[Annotator "NA"]
[PlyCount "63"]
[EventDate "2019.12.29"]
[EventType "swiss"]
[EventCountry "RUS"]
[SourceTitle "playchess.com"]
[Source "ChessBase"]
[SourceQuality "1"]

1. d4 d5 2. Nf3 e6 3. g3 Nf6 4. Bg2 Be7 5. O-O O-O 6. c4 dxc4 7. Qa4 a6 8. Qxc4 b5 9. Qc2 Bb7 10. Bd2 Nbd7 11. Ba5 Rc8 12. Nc3 Qe8 13. b4 Bd6 14. e4 e5 15. d5 Qe7 16. Qb3 g6 17. a4 c6 18. axb5 cxb5 19. Rfc1 Ne8 20. Ne1 Ng7 21. Nd3 f5 22. f3 Kh8 23. Kh1 Rc4 24. Rc2 Rfc8 25. Rac1 Rd4 26. Ne2 Rxd3 27. Rxc8+ Bxc8 28. Rxc8+ Nf8 29. Qxd3 Bxb4 30. Bxb4 Qxb4 31. Qc3 Qxc3 32. Rxf8# 1-0

[Event "FIDE WCC Blitz Women 2019"]
[Site "Moscow"]
[Date "2019.12.30"]
[Round "13.59"]
[White "Muetsch, Annmarie"]
[Black "Nur-Mukhametova, Alisa"]
[Result "1-0"]
[WhiteElo "2202"]
[BlackElo "1832"]
[Annotator "NA"]
[PlyCount "89"]
[EventDate "2019.12.29"]
[EventType "swiss"]
[EventCountry "RUS"]
[SourceTitle "playchess.com"]
[Source "ChessBase"]
[SourceQuality "1"]

1. e4 c5 2. Nf3 e6 3. d4 cxd4 4. Nxd4 Nf6 5. Nc3 d6 6. Be3 Be7 7. g4 h6 8. Qe2 a6 9. h3 Nc6 10. O-O-O Qc7 11. Kb1 Nxd4 12. Bxd4 e5 13. Be3 b5 14. f4 Bb7 15. Bg2 b4 16. Nd5 Nxd5 17. exd5 exf4 18. Bxf4 O-O 19. h4 Rfe8 20. Qd2 a5 21. g5 h5 22. g6 fxg6 23. Be4 Bf6 24. Bxg6 Re7 25. Bg5 Bxg5 26. hxg5 Re5 27. Rxh5 Bxd5 28. Bh7+ Kf8 29. Rh2 Ke7 30. Re2 Be6 31. Rde1 Rf8 32. b3 Rc8 33. Qd4 Qc5 34. Qf4 Kd7 35. Rxe5 dxe5 36. Rxe5 Qd6 37. Qe3 Re8 38. Re4 Rf8 39. Rd4 Bd5 40. Be4 Re8 41. Qh3+ Kc7 42. Rxd5 Qc6 43. Qd3 Rf8 44. Bf3 Re8 45. Kb2 1-0

[Event "FIDE WCC Blitz Women 2019"]
[Site "Moscow"]
[Date "2019.12.30"]
[Round "13.60"]
[White "Fatianova, Tatiana"]
[Black "Sgircea, Silvia-Raluca"]
[Result "1/2-1/2"]
[WhiteElo "2029"]
[BlackElo "2154"]
[Annotator "NA"]
[PlyCount "124"]
[EventDate "2019.12.29"]
[EventType "swiss"]
[EventCountry "RUS"]
[SourceTitle "playchess.com"]
[Source "ChessBase"]
[SourceQuality "1"]

1. e4 c5 2. Nc3 g6 3. d4 cxd4 4. Qxd4 Nf6 5. Bb5 Nc6 6. Bxc6 dxc6 7. Qxd8+ Kxd8 8. Bf4 Bg7 9. O-O-O+ Ke8 10. Nge2 Nd7 11. f3 e5 12. Be3 Nb6 13. b3 Be6 14. a4 Nd7 15. Rd2 Ke7 16. Rhd1 Rhd8 17. Kb2 h6 18. Nc1 b6 19. N1a2 Nf8 20. Nb4 Rxd2 21. Rxd2 Bd7 22. g3 Ne6 23. Nd3 Nd4 24. Rf2 f5 25. exf5 gxf5 26. f4 e4 27. Ne5 Ne6 28. Rd2 Rd8 29. Ne2 Be8 30. Rxd8 Kxd8 31. c3 Ke7 32. Nd4 Nxd4 33. Bxd4 Bf6 34. b4 Ke6 35. Kb3 Be7 36. c4 c5 37. bxc5 bxc5 38. Bc3 Bd6 39. a5 h5 40. h4 Bc7 41. Ka3 Bd6 42. Kb3 Be7 43. Ka3 Bd7 44. Kb3 Bc8 45. Ka4 a6 46. Ka3 Bb7 47. Kb3 e3 48. Kc2 Be4+ 49. Kd1 Bd8 50. Ke2 Bc7 51. Kxe3 Bxe5 52. fxe5 Bg2 53. Bb2 Bc6 54. Kf4 Ba4 55. Ba3 Bb3 56. Bxc5 Bxc4 57. Bd6 Be2 58. Ke3 Bg4 59. Kd4 Bd1 60. Kc5 Bf3 61. Kb6 Be2 62. Kc7 Bb5 1/2-1/2

[Event "FIDE WCC Blitz Women 2019"]
[Site "Moscow"]
[Date "2019.12.30"]
[Round "14.1"]
[White "Koneru, Humpy"]
[Black "Galliamova, Alisa"]
[Result "1/2-1/2"]
[WhiteElo "2489"]
[BlackElo "2415"]
[Annotator "ChessBase"]
[PlyCount "71"]
[EventDate "2019.12.29"]
[EventType "swiss"]
[EventCountry "RUS"]
[SourceTitle "playchess.com"]
[Source "ChessBase"]
[SourceQuality "1"]

1. d4 d5 2. c4 c6 3. Nc3 Nf6 4. e3 e6 5. Nf3 Nbd7 6. Qc2 b6 7. b3 Bb7 8. Bb2 Be7 9. Bd3 h6 10. O-O O-O 11. Rad1 Qc7 12. h3 Rad8 13. Qe2 dxc4 14. bxc4 c5 15. Rc1 a6 16. Rfd1 Qb8 17. d5 exd5 18. cxd5 Nxd5 19. Nxd5 Bxd5 20. Bxa6 Qa8 21. Bc4 Bxc4 22. Qxc4 Bf6 23. Rxd7 Bxb2 24. Rcd1 Rxd7 25. Rxd7 Qc6 26. Ra7 b5 27. Qc2 Bf6 28. a3 Rd8 29. Qf5 Qb6 30. Rd7 Rxd7 31. Qxd7 b4 32. axb4 cxb4 33. Qc8+ Kh7 34. Qf5+ Kg8 35. Qc8+ Kh7 36. Qf5+ 1/2-1/2

[Event "FIDE WCC Blitz Women 2019"]
[Site "Moscow"]
[Date "2019.12.30"]
[Round "14.2"]
[White "Harika, Dronavalli"]
[Black "Lagno, Kateryna"]
[Result "0-1"]
[WhiteElo "2445"]
[BlackElo "2606"]
[Annotator "ChessBase"]
[PlyCount "68"]
[EventDate "2019.12.29"]
[EventType "swiss"]
[EventCountry "RUS"]
[SourceTitle "playchess.com"]
[Source "ChessBase"]
[SourceQuality "1"]

1. f4 d5 2. Nf3 g6 3. g3 Bg7 4. Bg2 c6 5. e3 Qb6 6. Nc3 h5 7. h3 Nh6 8. d4 Nf5 9. Ne2 Nd7 10. c3 Nf6 11. Ng5 Bd7 12. O-O Nh7 13. Nxh7 Rxh7 14. a4 a6 15. a5 Qc7 16. b3 Nd6 17. Bd2 Bf5 18. Kh2 Be4 19. Ng1 Bxg2 20. Kxg2 Ne4 21. Be1 f6 22. Nf3 O-O-O 23. c4 Qd7 24. Qc2 g5 25. Nd2 Nxd2 26. Qxh7 Nxf1 27. Bf2 Nd2 28. Qxg7 Qe6 29. Qg6 gxf4 30. exf4 Rg8 31. Qd3 Ne4 32. Re1 Qxh3+ 33. Kg1 Nxg3 34. Qh7 Qh1# 0-1

[Event "FIDE WCC Blitz Women 2019"]
[Site "Moscow"]
[Date "2019.12.30"]
[Round "14.3"]
[White "Arabidze, Meri"]
[Black "Muzychuk, Anna"]
[Result "0-1"]
[WhiteElo "2412"]
[BlackElo "2504"]
[Annotator "ChessBase"]
[PlyCount "70"]
[EventDate "2019.12.29"]
[EventType "swiss"]
[EventCountry "RUS"]
[SourceTitle "playchess.com"]
[Source "ChessBase"]
[SourceQuality "1"]

1. Nf3 Nf6 2. c4 c5 3. Nc3 Nc6 4. e3 e5 5. d4 e4 6. Ng5 cxd4 7. exd4 Bb4 8. d5 Bxc3+ 9. bxc3 Na5 10. Be2 O-O 11. O-O d6 12. f3 Qe7 13. Qd4 exf3 14. Bxf3 Bf5 15. Ba3 h6 16. Nh3 Bxh3 17. gxh3 Rac8 18. Rae1 Qd7 19. Be2 Rfe8 20. Bd3 Rxe1 21. Rxe1 b6 22. Rf1 Re8 23. Kg2 Nb7 24. Bc1 Nc5 25. Bf5 Qe7 26. Bf4 Nfd7 27. Bg3 Ne5 28. Re1 Qf6 29. Rf1 Qg5 30. h4 Qh5 31. Rf2 g6 32. Bh3 Ncd3 33. Rf1 Qe2+ 34. Kh1 Qxa2 35. Bxe5 Nxe5 0-1

[Event "FIDE WCC Blitz Women 2019"]
[Site "Moscow"]
[Date "2019.12.30"]
[Round "14.5"]
[White "Bodnaruk, Anastasia"]
[Black "Stefanova, Antoaneta"]
[Result "1-0"]
[WhiteElo "2375"]
[BlackElo "2452"]
[Annotator "ChessBase"]
[PlyCount "101"]
[EventDate "2019.12.29"]
[EventType "swiss"]
[EventCountry "RUS"]
[SourceTitle "playchess.com"]
[Source "ChessBase"]
[SourceQuality "1"]

1. e4 e5 2. Nf3 Nc6 3. Bb5 a6 4. Ba4 Nf6 5. O-O Be7 6. Re1 b5 7. Bb3 d6 8. c3 O-O 9. h3 Nb8 10. d4 Nbd7 11. Nbd2 Bb7 12. Bc2 Re8 13. Nf1 Bf8 14. Ng3 g6 15. a4 Nb6 16. a5 Nbd7 17. b3 Bg7 18. Bb2 h6 19. Qd2 Qe7 20. Rad1 Rad8 21. Qc1 Nh7 22. c4 c5 23. dxe5 dxe5 24. Nf1 Nhf6 25. Qb1 Nh5 26. Ne3 Nf4 27. Kh2 Rc8 28. g3 Ne6 29. Nd5 Bxd5 30. exd5 Ng5 31. Ng1 Qd6 32. Qc1 f5 33. h4 Nh7 34. h5 e4 35. Bxg7 Kxg7 36. hxg6 Qxg6 37. Nh3 Ng5 38. Nf4 Nf3+ 39. Kg2 Nxe1+ 40. Rxe1 Qf7 41. Rh1 Rh8 42. Ne6+ Kg6 43. Qf4 Nf6 44. Bd1 Rcg8 45. Qh4 Ng4 46. Bxg4 fxg4 47. Qxg4+ Kf6 48. Qxe4 Qg6 49. Qf4+ Ke7 50. Re1 Rc8 51. Nf8+ 1-0

[Event "FIDE WCC Blitz Women 2019"]
[Site "Moscow"]
[Date "2019.12.30"]
[Round "14.6"]
[White "Paehtz, Elisabeth"]
[Black "Abdumalik, Zhansaya"]
[Result "1-0"]
[WhiteElo "2380"]
[BlackElo "2415"]
[Annotator "NA"]
[PlyCount "95"]
[EventDate "2019.12.29"]
[EventType "swiss"]
[EventCountry "RUS"]
[SourceTitle "playchess.com"]
[Source "ChessBase"]
[SourceQuality "1"]

1. d4 Nf6 2. Nf3 g6 3. Bg5 Bg7 4. Nbd2 d5 5. c3 Nbd7 6. e3 O-O 7. Be2 c5 8. O-O b6 9. Bh4 Bb7 10. a4 a6 11. b4 c4 12. b5 h6 13. h3 Ne8 14. Bg3 Nc7 15. bxa6 Rxa6 16. Qc2 f5 17. Ne5 Nxe5 18. Bxe5 Bxe5 19. dxe5 Ne6 20. f4 Qc8 21. Nf3 Nc5 22. Nd4 Bc6 23. Bf3 e6 24. g4 Bxa4 25. Qg2 Kh7 26. Kh1 Rg8 27. Rg1 Ra8 28. h4 Bd7 29. Rab1 Qd8 30. Qh3 Ra2 31. h5 Nd3 32. Rbf1 Nf2+ 33. Rxf2 Rxf2 34. hxg6+ Rxg6 35. gxf5 exf5 36. Rxg6 Kxg6 37. Qg3+ Kh7 38. Qxf2 Qa8 39. Qg2 Qa1+ 40. Kh2 Qe1 41. Qg3 Qxe3 42. Bxd5 Qd2+ 43. Kh3 h5 44. Qg8+ Kh6 45. Qf8+ Kg6 46. Bf7+ Kh7 47. Qg8+ Kh6 48. Qg6# 1-0

[Event "FIDE WCC Blitz Women 2019"]
[Site "Moscow"]
[Date "2019.12.30"]
[Round "14.7"]
[White "Tan, Zhongyi"]
[Black "Saduakassova, Dinara"]
[Result "1-0"]
[WhiteElo "2480"]
[BlackElo "2390"]
[Annotator "TA"]
[PlyCount "87"]
[EventDate "2019.12.29"]
[EventType "swiss"]
[EventCountry "RUS"]
[SourceTitle "playchess.com"]
[Source "ChessBase"]
[SourceQuality "1"]

1. c4 c5 2. Nf3 Nf6 3. d4 cxd4 4. Nxd4 Nc6 5. g3 g6 6. Bg2 Bg7 7. O-O O-O 8. Nc3 a6 9. c5 Qc7 10. Nb3 b6 11. Bg5 bxc5 12. Nxc5 Rb8 13. Bf4 d6 14. Nb3 Bb7 15. Rc1 Qd7 16. Qd2 Nh5 17. Bh6 Ne5 18. Bxg7 Kxg7 19. Nd5 Bxd5 20. Qxd5 Nf6 21. Qa5 Qb5 22. Qxb5 axb5 23. Nd4 Rb6 24. Rc7 Ned7 25. Rfc1 Rd8 26. Nc6 Re8 27. Bh3 e6 28. Bg2 Nc5 29. Nd4 e5 30. Nc6 Ne6 31. Ra7 Rc8 32. Rc2 b4 33. b3 Re8 34. Ra4 Nd4 35. Nxd4 exd4 36. Ra7 d5 37. Bf3 h5 38. Rcc7 Rf8 39. h4 Ne4 40. Kg2 Re6 41. Rab7 Nc3 42. Rxb4 Nxa2 43. Rxd4 Nc3 44. Rxc3 1-0

[Event "FIDE WCC Blitz Women 2019"]
[Site "Moscow"]
[Date "2019.12.30"]
[Round "14.8"]
[White "Zhukova, Natalia"]
[Black "Charochkina, Daria"]
[Result "0-1"]
[WhiteElo "2239"]
[BlackElo "2212"]
[Annotator "NA"]
[PlyCount "69"]
[EventDate "2019.12.29"]
[EventType "swiss"]
[EventCountry "RUS"]
[SourceTitle "playchess.com"]
[Source "ChessBase"]
[SourceQuality "1"]

1. c4 e5 2. Nc3 Nf6 3. Nf3 Nc6 4. e4 Bb4 5. d3 O-O 6. a3 Bc5 7. b4 Bd4 8. Bd2 Re8 9. b5 Ne7 10. Nxd4 exd4 11. Ne2 c5 12. g3 d6 13. Bg2 Ng6 14. O-O Bd7 15. a4 h5 16. Bg5 Re5 17. f4 Rxg5 18. fxg5 Ng4 19. h4 Ne3 20. Qd2 Nxf1 21. Rxf1 Ne5 22. Nf4 Bg4 23. Nd5 Qd7 24. a5 Re8 25. Qf4 Nxd3 26. Qd2 Ne5 27. Nf6+ gxf6 28. gxf6 Kh7 29. Rf4 Rg8 30. Bf1 Qe6 31. Kh2 Nf3+ 32. Rxf3 Bxf3 33. e5 dxe5 34. Bd3+ e4 35. Qf4 0-1

[Event "FIDE WCC Blitz Women 2019"]
[Site "Moscow"]
[Date "2019.12.30"]
[Round "14.9"]
[White "Munguntuul, Batkhuyag"]
[Black "Dzagnidze, Nana"]
[Result "0-1"]
[WhiteElo "2282"]
[BlackElo "2432"]
[Annotator "TA"]
[PlyCount "74"]
[EventDate "2019.12.29"]
[EventType "swiss"]
[EventCountry "RUS"]
[SourceTitle "playchess.com"]
[Source "ChessBase"]
[SourceQuality "1"]

1. e4 c5 2. Nf3 a6 3. Nc3 e6 4. d4 cxd4 5. Nxd4 Qc7 6. Bd3 Nf6 7. O-O b5 8. Qe2 d6 9. a3 Bb7 10. f4 Nbd7 11. Kh1 Be7 12. Bd2 O-O 13. Rae1 Nc5 14. Qe3 g6 15. Qh3 Nxd3 16. cxd3 Qc5 17. Nf3 Qh5 18. Qg3 Qg4 19. Qf2 Nh5 20. Nd4 e5 21. fxe5 dxe5 22. Nf3 Qe6 23. Bh6 Rfd8 24. Rd1 f6 25. Be3 Rac8 26. d4 exd4 27. Nxd4 Qg4 28. Qf3 Qxf3 29. gxf3 Ng7 30. Nce2 Kf7 31. Rc1 Bd6 32. Kg2 Be5 33. h3 f5 34. Rxc8 Rxc8 35. Nc3 Ne6 36. Rd1 Nf4+ 37. Bxf4 Bxf4 0-1